[Event "HUN-chT Csongrad Region"]
[Site "Hungary"]
[Date "2016.04.24"]
[Round "9.4"]
[White "Zenovitz, Otto"]
[Black "Kadnar, Emil"]
[Result "0-1"]
[WhiteElo "1533"]
[BlackElo "1670"]
[PlyCount "110"]
[EventDate "2015.09.20"]
[EventType "team-tourn"]
[EventRounds "9"]
[EventCountry "HUN"]
[SourceTitle "EXT 2017"]
[Source "ChessBase"]
[SourceDate "2016.10.25"]
[SourceVersion "1"]
[SourceVersionDate "2016.10.25"]
[SourceQuality "1"]

1. c4 e5 2. d3 Be7 3. g3 h6 4. Bg2 Nf6 5. Nf3 d6 6. 0-0 0-0 7. Nbd2 Be6 8. b3 c5 9. Bb2 Nc6 10. e3 Rb8 11. a3 a5 12. Qc2 Qc8 13. Ne4 Nh7 14. Kh1 f5 15. Nc3 Nf6 16. Ng1 Qe8 17. f4 Qh5 18. Nh3 Ng4 19. Rae1 Rbe8 20. Nd5 Bxd5 21. cxd5 Nd8 22. fxe5 dxe5 23. d4 exd4 24. exd4 b6 25. Rf3 Nb7 26. Bf1 Nxh2 27. Rf4 Nxf1 28. Kg2 Bd6 29. Rfxf1 Rxe1 30. Rxe1 Re8 31. Rxe8+ Qxe8 32. Bc3 Qe3 33. Bd2 Qxd4 34. Bf4 g5 35. Bxd6 Nxd6 36. Nf2 Ne4 37. Nxe4 fxe4 38. d6 Qxd6 39. Qxe4 Qd2+ 40. Kh3 Qd7+ 41. Kg2 Qd6 42. a4 Kf7 43. Qh7+ Ke8 44. Qg8+ Kd7 45. Qf7+ Kc6 46. Qe8+ Kd5 47. Qf7+ Qe6 48. Qb7+ Kd4 49. Qg7+ Kd3 50. Qh7+ Qe4+ 51. Qxe4+ Kxe4 52. Kf2 h5 53. Ke2 h4 54. gxh4 gxh4 55. Kf2 Kd3 0-1

[Event "HUN-chT Csongrad Region"]
[Site "Hungary"]
[Date "2015.09.20"]
[Round "1.2"]
[White "Szekeres, Mihaly"]
[Black "Kadnar, Emil"]
[Result "0-1"]
[WhiteElo "1708"]
[BlackElo "1670"]
[PlyCount "36"]
[EventDate "2015.09.20"]
[EventType "team-tourn"]
[EventRounds "9"]
[EventCountry "HUN"]
[SourceTitle "EXT 2017"]
[Source "ChessBase"]
[SourceDate "2016.10.25"]
[SourceVersion "1"]
[SourceVersionDate "2016.10.25"]
[SourceQuality "1"]

1. d4 d5 2. e3 Nf6 3. Bd3 e6 4. Nf3 Bd6 5. b3 0-0 6. Nbd2 b6 7. Bb2 Bb7 8. 0-0 Nbd7 9. c4 Ne4 10. a3 a5 11. Rc1 Qe7 12. Nb1 Ng5 13. Nfd2 dxc4 14. bxc4 Nh3+ 15. Kh1 Qh4 16. f4 Nf2+ 17. Rxf2 Qxf2 18. Qe2 Bxg2# 0-1

[Event "HUN-chT2 Toth 1415"]
[Site "Hungary"]
[Date "2015.01.25"]
[Round "7.11"]
[White "Kadnar, Emil"]
[Black "Perdi, Zsombor"]
[Result "1/2-1/2"]
[WhiteElo "1666"]
[BlackElo "1608"]
[PlyCount "60"]
[EventDate "2014.09.07"]
[EventType "team-tourn"]
[EventRounds "11"]
[EventCountry "HUN"]
[SourceTitle "EXT 2016"]
[Source "ChessBase"]
[SourceDate "2015.10.08"]
[SourceVersion "1"]
[SourceVersionDate "2015.10.08"]
[SourceQuality "1"]
[WhiteTeam "Roszke"]
[BlackTeam "Bekes"]
[WhiteTeamCountry "HUN"]
[BlackTeamCountry "HUN"]

1. e4 e5 2. Nf3 Nc6 3. Bc4 h6 4. c3 Qf6 5. h3 Bc5 6. 0-0 Nge7 7. d3 Bb6 8. Be3 Na5 9. Bb3 Nxb3 10. axb3 0-0 11. Nbd2 Bxe3 12. fxe3 d6 13. Kh2 Qg6 14. Qe2 f5 15. exf5 Nxf5 16. Qf2 Bd7 17. e4 Ne7 18. Rxa7 Rxa7 19. Qxa7 Bc8 20. Qf2 Qf6 21. g3 g5 22. Qg2 Qg6 23. Rf2 h5 24. Ng1 Rxf2 25. Qxf2 g4 26. h4 Qf7 27. Qxf7+ Kxf7 28. Kg2 Be6 29. Kf2 c6 30. Ne2 Kf6 1/2-1/2